Top 55 Most liberal countries as of 2026 - Statistics

General Stats
  • This quiz has been taken 38 times
  • The average score is 39 of 55
Answer Stats
Hint Answer % Correct
0.85 Sweden
97%
0.72 Iceland
94%
0.85 Norway
94%
0.74 Canada
91%
0.88 Denmark
91%
0.81 Finland
91%
0.77 Netherlands
91%
0.65 Poland
91%
0.72 Portugal
91%
0.74 Spain
91%
0.57 United States
91%
0.79 Australia
88%
0.79 Belgium
88%
0.78 Germany
88%
0.64 Italy
88%
0.79 New Zealand
88%
0.69 United Kingdom
88%
0.84 Estonia
84%
0.8 France
84%
0.73 Japan
84%
0.59 Slovenia
84%
0.84 Switzerland
84%
0.76 Austria
81%
0.78 Chile
81%
0.57 Greece
81%
0.75 Latvia
81%
0.71 Lithuania
81%
0.57 Slovakia
81%
0.7 Brazil
78%
0.79 Czechia
78%
0.82 Ireland
78%
0.56 Colombia
75%
0.59 Croatia
75%
0.78 Luxembourg
75%
0.63 South Africa
75%
0.74 South Korea
75%
0.59 Israel
72%
0.62 Malta
72%
0.79 Uruguay
72%
0.66 Cyprus
63%
0.81 Costa Rica
53%
0.63 Suriname
53%
0.7 Taiwan
53%
0.57 Panama
50%
0.68 Barbados
41%
0.68 Jamaica
41%
0.64 Mauritius
41%
0.67 Trinidad and Tobago
41%
0.63 Cape Verde
38%
0.68 Seychelles
38%
0.61 Sri Lanka
25%
0.54 Solomon Islands
22%
0.61 Ghana
19%
0.62 Vanuatu
19%
0.55 East Timor
13%
No matching quizzes found
Score Distribution
Percent of People with Each Score
Percentile by Number Answered
Your Score History
You have not taken this quiz